Sociálna funkcia poľnohospodárstva a problémy formovania skupiny samostatne hospodáriacich roľníkov na vidieku

Vymedzenie štrukturálnej, demografickej a socioprofesnej charakteristiky skupiny samostatne hospodáriacich roľníkov v okrese Nitra. Sociálna funkcia poľnohospodárstva. Podmienky sociálneho života a individuálneho rozvoja ľudí, ktorí pracujú v poľnohospodárstve a žijú na vidieku.

Salvato in:
Dettagli Bibliografici
Autore principale: Kučírková, Drahomíra
Natura: Capitolo di libro
Lingua:slovacco
Soggetti:
Tags: Aggiungi Tag
Nessun Tag, puoi essere il primo ad aggiungerne!!

MARC

LEADER 00000naa a2200000 4500
001 r034762
005 20230922111230.4
041 0 |a slo 
044 |a CZ 
245 1 0 |a Sociálna funkcia poľnohospodárstva a problémy formovania skupiny samostatne hospodáriacich roľníkov na vidieku  |c D. Kučírková 
520 |a Vymedzenie štrukturálnej, demografickej a socioprofesnej charakteristiky skupiny samostatne hospodáriacich roľníkov v okrese Nitra. Sociálna funkcia poľnohospodárstva. Podmienky sociálneho života a individuálneho rozvoja ľudí, ktorí pracujú v poľnohospodárstve a žijú na vidieku. 
610 2 0 |a roľníci jednotlivo hospodáriaci 
610 2 0 |a poľnohospodárstvo 
610 2 0 |a štýl životný 
610 2 0 |a vidiek 
610 2 0 |a príjmy 
610 2 0 |a demografia 
610 2 0 |a zamestnanosť 
610 2 0 |a podnikatelia 
610 2 0 |a Slovensko 
610 2 0 |a Nitra 
100 1 |a Kučírková, Drahomíra